| 000 | 01342cam a2200361 a 4500 | ||
|---|---|---|---|
| 001 | 000013562 | ||
| 005 | 20200929163254.0 | ||
| 008 | 771205s1981 mx a b 000 0 spa | ||
| 020 | _a9682307163 | ||
| 040 |
_aDO-SdBNP _bspa _cBNPHU |
||
| 082 |
_a338.18 _bP712d, 1981 |
||
| 245 | 0 | 3 |
_aLa Planificación del desarrollo agropecuario : _bun enfoque para América Latina / _cJesús González M ... [et al.]. |
| 250 | _a3a ed. | ||
| 260 |
_aMéxico : _bSiglo Veintiuno Editores, _c1981. |
||
| 300 |
_av. : _bil. ; _c23 cm. |
||
| 490 | 1 | _aEconomía y demografía | |
| 500 | _aTextos del Instituto Latinoamericano de Planificación Económica y Social | ||
| 500 | _aLa biblioteca posee el ejemplar 1 | ||
| 504 | _aIncluye referencias bibliográficas. | ||
| 650 | 4 |
_aAgricultura _xAspectos económicos _zAmérica Latina _930908 |
|
| 650 | 4 |
_aAgricultura y estado _zAmérica Latina _930909 |
|
| 700 | 1 |
_aGonzález M. Jesús. _930910 |
|
| 700 | 1 |
_aAntonio Pérez G. _930911 |
|
| 700 | 1 |
_aFrancisco León D. _930912 |
|
| 700 | 1 |
_aJosé Olivares D. _930913 |
|
| 700 | 1 |
_aHernán Calderón L. _930914 |
|
| 700 | 1 |
_aDanilo Astori S. _930915 |
|
| 700 | 1 |
_aSergio Figueroa T. _930916 |
|
| 700 | 1 |
_aTerence R. Lee. _930917 |
|
| 830 | 0 |
_aEconomía y demografía (Mexico City, Mexico) _930918 |
|
| 910 | _aCatalogación derivada | ||
| 049 | _aBNGR | ||
| 999 |
_c13184 _d13184 |
||